Регионална библиотека "Любен Каравелов" - Русе

Requiem [аудио CD] (Запис номер 222782)

MARC детайли
000 -Лидер
Контролно поле с фиксирана дължина 00831njm a2200277 c 4500
003 - Код на организацията, давaща контролен номер
Контролно поле BLK
005 - Дата и час на последна редакция
Контролно поле 20241005005452.0
008 - Елементи от данни с фиксирана дължина
fixed length control field 180410b bul||n||s|||||||| n|bulo|
010 ## - Наследен системен номер
LC control number CDD00004744000
040 ## - Източник на каталожния запис
Идентификатор на билиотеката - собственик на записа BLK
041 ## - Код за език
Код за езика на текст/звукозапис или на отделно заглавие Български
Код за езика КДБФ Български
100 ## - Редна дума - Автор
Автор Mozart, Wolfgang Amadeus
Дати, свързани с автора 1756 - 1791
R(LIN) 386874
139 ## - Редно поле
Редна дума Mozart, Wolfgang Amadeus
Авторски знак Mo - M 78
245 10 - Сведения за заглавието
Заглавие Requiem [аудио CD]
Редно поле (дума) Wolfgang Amadeus Mozart; * Волфганг Амадеус Моцарт.
257 ## - Страна на издаване
Страна на създаване/издаване България
260 ## - Област на издателските данни
Име на издателя, разпространителя и проч. Бълг. нац. радио
Година на издаване 2010
380 ## - Жанр
Жанр Изкуство
700 ## - Други автори (авторска отговорност)
Лично име Моцарт, Волфганг Амадеус
Дати, свързани с автора 1756 - 1791
9 (RLIN) 368558
852 ## - Местоположение
Форматна сигнатура Цб CD 2789
Част 0
856 4# - Електронен адрес и достъп
Електронен формат pdf - файл
Път до файла /url/
856 4# - Електронен адрес и достъп
Електронен формат pdf - файл
Път до файла /url/
942 ## - АРТИКУЛИ
Вид на библиотечния материал Компактдискове
Скрит в OPAC Не
944 ## - СЪЗДАВАНЕ И РЕДАКЦИЯ на ЗАПИСА
Създаване/Редакция Създаване
Дата на регистрацията/редакция 06.04.2011
Служител, извършил регистрацията/редакцията
Статус, дата на статуса CRON CRON
944 ## - СЪЗДАВАНЕ И РЕДАКЦИЯ на ЗАПИСА
Създаване/Редакция Редакция
Дата на регистрацията/редакция 06.04.2011
999 ## - СИСТЕМНИ КОНТРОЛНИ НОМЕРА
Koha biblionumber 222782
Koha biblioitemnumber 222782
999 ## - СИСТЕМНИ КОНТРОЛНИ НОМЕРА
Koha biblioitemnumber 222782
Наличности
Код за отписване Код за изгубен артикул Източник на класификационната схема Код за повреда Коз за рестрикции Код за отдаване Артикулен № Име на библиотеката - собственик Име на библиотеката, в която се намира в момента Статус (Текущо местоположение) Дата на вписване в системата Местоположение - отдел Цена в лева Инвентарен номер Систематично азбучна сигнатура Баркод Номер на екземпляра Цена в евро Служебна бележка Служебен тип на артикула
  Не е изгубен Universal Decimal Classification Не е повреден без рестрикции заемане за дома 394784 Регионална библиотека "Любен Каравелов" Русе Регионална библиотека "Любен Каравелов" Русе Отдел Изкуство - подръчен фонд 2011-04-06 Отдел Изкуство - подръчен фонд 5.00 250000004475 785/M 78 W 250000004475 1 2.56 Дост: DA Вид: А N: 5 Дата: 06.04.2011 Съставил: Валя_Йорданова Компактдискове
  Не е изгубен Universal Decimal Classification Не е повреден без рестрикции заемане за дома 394785 Регионална библиотека "Любен Каравелов" Русе Регионална библиотека "Любен Каравелов" Русе Отдел Изкуство - подръчен фонд 2011-04-06 Отдел Изкуство - подръчен фонд 5.00 250000004476 785/M 78 W 250000004476 2 2.56 Дост: DA Вид: А N: 5 Дата: 06.04.2011 Съставил: Валя_Йорданова Компактдискове
  Не е изгубен Universal Decimal Classification Не е повреден без рестрикции заемане за дома 394786 Регионална библиотека "Любен Каравелов" Русе Регионална библиотека "Любен Каравелов" Русе Отдел Изкуство - подръчен фонд 2011-04-06 Отдел Изкуство - подръчен фонд 5.00 250000004477 785/M 78 W 250000004477 3 2.56 Дост: DA Вид: А N: 5 Дата: 06.04.2011 Съставил: Валя_Йорданова Компактдискове
Vip Innovations Ltd, Rousse, Bulgaria 2025